00788nas a2200205 a 450000500170000000800410001704000270005804100080008504400070009324500320010026000830013230000470021531000060026232100060026850000370027450400420031165000610035365000740041471000940048820180424070429.0180424s2015 ko uu|m|r|||| 00| 0 eng d aCO-BoIAVH cCO-BoIAVH 0 aeng ako00aInvertebrate fauna of Korea aIncheon (Corea del Sur) : bNational Institute of Biological Resources,c2015. bilustraciones (algunas a color) ; c28 cm. au au aSerie: Fauna and flora of Korea. aIncluye referencias bibliográficas.26aInvertebradoszCorea del SurvPublicaciones periódicas26aInvertebradosxTaxonomíazCorea del SurvPublicaciones periódicas2 aRepública de CoreabMinistry of EnvironmentbNational Institute of Biological Resources